Foods that end with G - Statistics

General Stats
  • This quiz has been taken 50 times
  • The average score is 4 of 8
Answer Stats
Picture Answer % Correct
Egg
98%
Hot Dog
95%
Fig
73%
Nutmeg
59%
Chicken Leg
39%
Pudding
34%
Dressing
15%
Icing
7%
No matching quizzes found
Score Distribution
Percent of People with Each Score
Percentile by Number Answered
Your Score History
You have not taken this quiz